|
|
|
|
| LEADER |
00000nam0a2200000 4500 |
| 001 |
362830 |
| 005 |
20231102011529.0 |
| 035 |
|
|
|a (RuTPU)RU\TPU\retro\20176
|
| 035 |
|
|
|a RU\TPU\book\349862
|
| 090 |
|
|
|a 362830
|
| 100 |
|
|
|a 20210826d1944 km y0rusy50 ca
|
| 101 |
0 |
|
|a rus
|
| 102 |
|
|
|a RU
|
| 105 |
|
|
|a a z 000zy
|
| 200 |
1 |
|
|a О возможном и невозможном в оптике
|f Г. Г. Слюсарев
|g под ред. С. И. Вавилова
|
| 210 |
|
|
|a Москва
|c Изд-во Академии наук СССР
|d 1944
|
| 215 |
|
|
|a 99 с.
|c ил.
|
| 225 |
1 |
|
|a Научно-популярная серия
|
| 300 |
|
|
|a Подписано к печати XII/1944 г.
|
| 317 |
|
|
|5 63413507: КР-7026
|a Поступил в НТБ в 2004 г. в составе книжного собрания кафедры общей геологии
|
| 606 |
1 |
|
|a Оптика
|2 stltpush
|3 (RuTPU)RU\TPU\subj\67665
|9 83386
|
| 610 |
1 |
|
|a сжигание на расстоянии
|
| 610 |
1 |
|
|a оптические небылицы
|
| 610 |
1 |
|
|a обратимость
|
| 610 |
1 |
|
|a необратимость
|
| 610 |
1 |
|
|a оптические системы
|
| 610 |
1 |
|
|a микросколы
|
| 610 |
1 |
|
|a телескопы
|
| 610 |
1 |
|
|a предел разрешения
|
| 610 |
1 |
|
|a фазы
|
| 610 |
1 |
|
|a амплитуда
|
| 610 |
1 |
|
|a изображение
|
| 610 |
1 |
|
|a Коллекция кафедры общей геологии
|
| 610 |
1 |
|
|a дары библиотеке
|
| 675 |
|
|
|a 535
|v 4
|
| 700 |
|
1 |
|a Слюсарев
|b Г. Г.
|g Георгий Георгиевич
|
| 702 |
|
1 |
|a Вавилов
|b С. И.
|4 340
|
| 801 |
|
1 |
|a RU
|b 63413507
|c 20161111
|
| 801 |
|
2 |
|a RU
|b 63413507
|c 20211028
|g RCR
|
| 942 |
|
|
|c BK
|